Optical Fiber Communication (Record no. 4201)

MARC details
000 -LEADER
fixed length control field 00361nam a2200157Ia 4500
008 - FIXED-LENGTH DATA ELEMENTS--GENERAL INFORMATION
fixed length control field 221030s9999 xx 000 0 und d
020 ## - INTERNATIONAL STANDARD BOOK NUMBER
ISBN 0072321016
041 ## - LANGUAGE CODE
Language code of text/sound track or separate title
082 ## - DEWEY DECIMAL CLASSIFICATION NUMBER
Classification number 105.23
Item number Kei
100 ## - MAIN ENTRY--AUTHOR NAME
Personal name G. Keiser
245 #0 - TITLE STATEMENT
Title Optical Fiber Communication
Statement of responsibility, etc by G. Keiser
260 ## - PUBLICATION, DISTRIBUTION, ETC. (IMPRINT)
Name of publisher TMH
Place of publication Delhi
Year of publication 2006
300 ## - PHYSICAL DESCRIPTION
Number of Pages 602
650 ## - SUBJECT ADDED ENTRY--TOPICAL TERM
Topical Term ECE
942 ## - ADDED ENTRY ELEMENTS (KOHA)
Koha item type Books
Holdings
Accession Number Cost, normal purchase price Full call number Price effective from Koha item type Withdrawn / writtenoff status Materials specified (bound volume or other part) Damaged status Not for loan Permanent Location Current Location Shelving location Date acquired Lost/ Missing status department
BE 8334 390.00 105.23 Kei 10/30/2022 Books   Print   Not For Loan MIET Library, Jammu MIET Library, Jammu BL-Second, FL-1, CUP-74, SH-1, R-1 11/01/2006   BE
BE 8335 390.00 105.23 Kei 10/30/2022 Books   Print     MIET Library, Jammu MIET Library, Jammu BL-Academic Bloclk C, FL-2, CUP-15, SH-2, R-2 11/01/2006   BE
BE 8336 390.00 105.23 Kei 10/30/2022 Books   Print     MIET Library, Jammu MIET Library, Jammu BL-Academic Block -a, FL-1, CUP-15, SH-2, R-2 11/01/2006   BE
BE 8337 390.00 105.23 Kei 10/30/2022 Books   Print     MIET Library, Jammu MIET Library, Jammu BL-Academic Block-a, FL-1, CUP-15, SH-2, R-2 11/01/2006   BE
BE 8338 390.00 105.23 Kei 10/30/2022 Books   Print     MIET Library, Jammu MIET Library, Jammu BL-Academic Block -a, FL-1, CUP-15, SH-2, R-2 11/01/2006   BE